zpět

Detail výsledku týmu

U Lucerny ČT, Brno

Datum a čas kvízu

24 Celkem bodů Celkový počet nahraných bodů na tomto kvízu bez doplňovacích otázek.
7. Pořadí na kvízu Konečné umístění týmu na tomto kvízu.

Zaznamenané odpovědi

# Otázka Odpověď Body Výsledky
1. Čeští senátoři zvolili ve stře... 0
2. Za přísných bezpečnostních opa... 0
3. Nejstreamovanější kapela roku... 1
4. Na grafu vidíme propad hodnoty... 1
5. Minulý týden probíhal v Londýn... 1
5. Herečku Hanu Vagnerovou můžeme... 1
5. Jak se jmenuje vítězka páté řa... 1
8. Česká snowboardistka Eva Samko... 1
5. Který produkt propaguje již de... 1
10. Přiřaďte jména známých osobnos... 1